000 00537nam a2200205Ia 4500
005 20250923145756.0
008 008 250917s9999 xx 000 0 eng d
037 _aTextual
040 _aDSWL
_beng
_cDSWL
041 _aeng
_2eng
084 _aSk, N86
_qDSWL
100 _aReber, A.S.
_9838833
245 0 _aDictionary of Psychology
_cby A.S.Reber
260 _aHarmondsworth
_bPenguin
_c1985
300 _axi,848p.
365 _aGBP
_b5.95
925 _g5.95
942 _cTEXL
_hSk, N86
999 _c1455541
_d1455541